Statistics for Companies by Letter - A

Click here to take the quiz!

General Stats

  • This quiz has been taken 101 times
  • The average score is 9 of 15

Answer Stats

ClueCompany% Correct
Electronics company famously founded by Steve JobsApple
97%
Online retailer that has everything from A to ZAmazon
92%
Luxury four-letter German automaker and manufacturerAudi
90%
Second-largest bank-holding company in the worldBank of {America}
84%
Major American flight business headquartered in TexasAmerican {Airlines}
77%
American telecommunications company,AT&T
67%
Software company of the Flash Player and the ReaderAdobe
67%
1980's search engine that merged with Time WarnerAOL
47%
1970's gaming company that made AsteroidsAtari
45%
Video game company famous for "FIFA" & "The Sims"Electronic {Arts}
42%
This car logo contains a snake and the flag of MilanAlfa Romeo
40%
Luxury, precision crafted vehicle marque of HondaAcura
37%
2nd largest personal lines insurance, behind State FarmAllstate
36%
British luxury manufacturer: ____ ____ Lagonda, Ltd.Aston Martin
30%
American healthcare companyAbbott
7%

Score Distribution

Percentile by Number Answered

Percent of People with Each Score

Your Score History

You have not taken this quiz